| 000 | 00833nam a22002057a 4500 | ||
|---|---|---|---|
| 999 |
_c7062 _d7062 |
||
| 003 | AR-CdUCM | ||
| 008 | 190319b ||||| |||| 00| 0 spa d | ||
| 040 |
_aMUNICIPALIDAD PROVINCIAL DEL CUSCO _cBIBLIOTECA MUNICIPAL DEL CUSCO |
||
| 082 |
_a460.9 / _bAL45 |
||
| 100 |
_aAlonso, Amado _914216 |
||
| 245 |
_aCastellano, español, idioma nacional : _bHistoria espiritual de tres nombres / |
||
| 260 |
_aBuenos Aires : _bLosada, _c1949. |
||
| 300 |
_a171 páginas ; _c18 cm. |
||
| 505 | _aContenido: Los primeros tiempos -- Nueva conciencia de nacionalidad -- Tensión nacional entre castellano y español -- Formación regional y nacional del idioma -- Herrera y el ideal artistico de la lengua | ||
| 650 |
_aLenguaje _93528 |
||
| 650 |
_aLengua poetica _919886 |
||
| 650 |
_aCastellano _97963 |
||
| 942 |
_2ddc _cLIBROS |
||
| 945 | _aafb | ||